000 02356cam a22003374a 4500
001 1959
003 FISKH
005 20250714103432.0
008 031120s2002 nyua 000 0 eng
010 _a 2003278610
020 _a043935188X
020 _a9780439351881
040 _aDLC
_cDLC
_dDLC
_beng
042 _apcc
043 _an-us-ar
050 0 0 _aLC214.23.L56
_bC53 2002
082 0 0 _a379.2/63/0976773
_222
100 1 _aClark, Carolyn.
245 1 0 _aLittle Rock Nine /
_cby Carolyn Clark.
260 _aNew York :
_bScholastic,
_c2002.
300 _a16 pages :
_billustrations ;
_c25 cm
505 _aU
520 _aPlease note that the content of this book primarily consists of articles available from Wikipedia or other free sources online. The Little Rock Nine were a group of African-American students who were enrolled in Little Rock Central High School in 1957. The ensuing Little Rock Crisis, in which the students were initially prevented from entering the racially segregated school by Arkansas Governor Orval Faubus, and then attended after the intervention of President Eisenhower, is considered to be one of the most important events in the African-American Civil Rights Movement. The U.S. Supreme Court issued its historic Brown v. Board of Education, 347 U.S. 483, on May 17, 1954. The decision declared all laws establishing segregated schools to be unconstitutional, and it called for the desegregation of all schools throughout the nation. After the decision the National Association for the Advancement of Colored People attempted to register black students in previously all-white schools in cities throughout the South. In Little Rock, the capital city of Arkansas, the Little Rock School Board agreed to comply with the high court's ruling. Virgil Blossom, the Superintendent of Schools, submitted a plan of gradual integration to the school board on May 24, 1955, which the board unanimously approved.
521 8 _a840
_bLexile
521 8 _aU
_bRaz-Plus
650 0 _aSchool integration
_zArkansas
_zLittle Rock
_xHistory
_y20th century
_vJuvenile literature.
650 0 _aAfrican American students
_zArkansas
_zLittle Rock
_xHistory
_y20th century
_vJuvenile literature.
906 _a7
_bcbc
_corignew
_d3
_encip
_f20
_gy-gencatlg
942 _2ddc
_cBK
_n0
999 _c1959
_d1959